000 00592nam a22002057a 4500
999 _c25451
_d25451
003 BDDh-ASL
005 20231015030504.0
008 210716s1992 bg ||||| |||| 00| 0 eng d
040 _cBDDh-ASL
082 _a300
_bFEE
100 1 _94200
_aFeeroz, Mohammad Mostafa
245 1 0 _aEcology and Behaviour of Hoolock Gibbons of Bangladesh /
260 _aDhaka:
_bMARC,
_c1992.
300 _a76 p. :
_c25 cm.
504 _aInclude Bibliographical References
650 0 _94202
_aBehaviour
650 0 _94153
_aHuman Ecology
700 1 _94201
_aIslam, Mohammad Anwarul
942 _2ddc
_cBK